000 00713cam a2200241 a 4500
005 20131029060717.0
008 860122s1986 mnuab b 001 0 eng
020 _a0899083870
020 _a0899083625
041 0 _aeng
080 _a327.39
245 0 0 _aNationalism :
_c[edited by] Bruno Leone.
250 _a2nd., rev.
260 _aSt. Paul, Minn. :
_bGreenhaven Press,
_cc1986.
300 _a145 p. :
_bill., maps ;
_c23 cm.
440 4 _aThe Isms
500 _aPreface to first edition : f. 13-14
500 _aPreface to second edition : f. 15
504 _aIncludes bibliographies and index.
650 0 _aNacionalizmi
700 1 _aLeone, Bruno,
_d1939-
942 _2udc
_cBK
999 _c193
_d193